| 000 | 00615 a2200181 4500 | ||
|---|---|---|---|
| 999 |
_c2458 _d2458 |
||
| 020 | _a9781903300633 | ||
| 050 | _aLB 1044 KEO 2002 | ||
| 100 |
_aKeogh, Brenda _eAuthor |
||
| 245 |
_aPrimary science : _bPCGE professional workbook / _cBrenda Keogh, Stuart Naylor, Max de Boo and Jyne Barnes |
||
| 264 |
_aUnited Kindom: _bLearning Matters Ltd, _c2002 |
||
| 300 |
_a127p. : _bill. |
||
| 500 | _aIncludes bibliography and references | ||
| 650 |
_aElementary education _xScience |
||
| 700 |
_aStuart Naylor _eAuthor |
||
| 700 |
_aJayne Barnes _eAuthor |
||
| 700 |
_aMax de B'oo _eAuaaaa |
||
| 942 |
_2lcc _cBK _h1044 _iKEO _kLB |
||